000 00224nam a2200097Ia 4500
008 240331s9999 xx 000 0 und d
082 _bWAR
100 _aWarnapala, W.W.A
245 4 _aThe Sri Lankan political scene
942 _cL
999 _c2330
_d2330